Statistics for Most Streamed Red Hot Chili Peppers Songs

Click here to take the quiz!

General Stats

  • This quiz has been taken 79 times
  • The average score is 7 of 10

Answer Stats

#StreamsAnswer% Correct
21.31BCalifornication
94%
11.31BUnder the Bridge
92%
31.10BCan't Stop
85%
5939MOtherside
68%
6840MScar Tissue
68%
41.01BSnow (Hey Oh)
68%
7680MDani California
65%
8462MBy the Way
54%
10378MGive It Away
51%
9452MDark Necessities
29%

Score Distribution

Percentile by Number Answered

Percent of People with Each Score

Your Score History

You have not taken this quiz